Govt. of
Madhya Pradesh

The Great Liberation (Record no. 34466)

MARC details
000 -LEADER
fixed length control field 004340000a22001690004500
003 - CONTROL NUMBER IDENTIFIER
control field MACL
005 - DATE AND TIME OF LATEST TRANSACTION
control field 20151229121755.0
008 - FIXED-LENGTH DATA ELEMENTS--GENERAL INFORMATION
fixed length control field 151229b xxu||||| |||| 00| 0 eng d
040 ## - CATALOGING SOURCE
Original cataloging agency MACL
Transcribing agency MACL
041 ## - LANGUAGE CODE
Language code of text/sound track or separate title English
082 ## - DEWEY DECIMAL CLASSIFICATION NUMBER
Classification number 133/AVA
100 ## - MAIN ENTRY--PERSONAL NAME
Personal name Avalon, Arthur
9 (RLIN) 23638
245 ## - TITLE STATEMENT
Title The Great Liberation
Remainder of title Mahanirvana Tantra
260 ## - PUBLICATION, DISTRIBUTION, ETC. (IMPRINT)
Name of publisher, distributor, etc. Ganesh & Co Ltd
Date of publication, distribution, etc. 1953
650 ## - SUBJECT ADDED ENTRY--TOPICAL TERM
Topical term or geographic name as entry element Pure Psychology
9 (RLIN) 23639
942 ## - ADDED ENTRY ELEMENTS (KOHA)
Koha item type Books
Call number prefix 133/AVA
Source of classification or shelving scheme
Holdings
Withdrawn status Lost status Source of classification or shelving scheme Damaged status Not for loan Home library Current library Date acquired Total Checkouts Full call number Barcode Date last seen Uniform Resource Identifier Price effective from Koha item type
          MACL MACL 15/04/2015   133/AVA CLE006967 29/04/2015 34670 15/04/2015 Books